| 000 | 00481nam a2200145Ia 4500 | ||
|---|---|---|---|
| 008 | 170221s9999 xx 000 0 und d | ||
| 100 | _aJoseph Reid | ||
| 245 | _aFair value measurement disclosure regulation and the manufacturing sector | ||
| 245 | _cJoseph Reid, North Carolina A&T State University. | ||
| 260 | _bJournal of Management and Marketing Research | ||
| 260 | _c2013 | ||
| 300 | _a7 : | ||
| 650 | _xBusiness | ||
| 856 | _uhttp://www.aabri.com/manuscripts/152353.pdf | ||
| 999 |
_c313331 _d313331 |
||